Регионална библиотека "Любен Каравелов" - Русе

Физика (Запис номер 21789)

MARC детайли
000 -Лидер
Контролно поле с фиксирана дължина 01188nam a2200349 c 4500
003 - Код на организацията, давaща контролен номер
Контролно поле BLK
005 - Дата и час на последна редакция
Контролно поле 20180420215718.0
008 - Елементи от данни с фиксирана дължина
fixed length control field 180413b bul|||||r ||||||| ||bul||
010 ## - Наследен системен номер
LC control number KNG00024098000
020 ## - Международен стандартен номер на книга ISBN
Международен стандартен номер на книга ISBN 954-20-0165-7
-- издат.: ТУ
040 ## - Източник на каталожния запис
Идентификатор на билиотеката - собственик на записа BLK
041 ## - Код за език
Код за езика на текст/звукозапис или на отделно заглавие Български
Код за езика КДБФ Български
080 ## - УДК
Текстов определител УДК Физика
УДК код - определител по УДК 53
УДК определител (075.8)
УДК - код + определител 53(075.8)
100 1# - Редна дума - Автор
Автор Георгиев, П.
Авторска отговорност първи автор
R(LIN) 265957
139 ## - Редно поле
Редна дума Физика
Авторски знак Физ - Ф 47
245 10 - Сведения за заглавието
Заглавие Физика
Подзаглавни данни Учебник за студентите от всички спец. на ТУ - Варна
Редно поле (дума) П. Георгиев.
250 ## - Област на изданието
Сведения за изданието 3. прераб. изд.
257 ## - Страна на издаване
Страна на създаване/издаване България
260 ## - Област на издателските данни
-- Варна
Име на издателя, разпространителя и проч. ТУ
Година на издаване 2003
300 ## - Физическа характеристика
Страници 497 с.
Илюстрации и др. със сх., табл., диагр.
Размери/Мащаб 22 см
380 ## - Жанр
Жанр Естествени науки. Математика
500 ## - Общи забележки
Забележка 1. изд. 1997 ; В кн. означено 4. прераб. и доп. изд. - Библиогр. с. 489-490.
504 ## - Забележка за наличие на библиография и др
Забележка за наличие на библиография и под. 489-490
650 #4 - Допълнително описание по предмет – тема
Основно описание – тема или топоним Физика
9 (RLIN) 175234
653 ## - Ключова дума – ненормативна
Ключова дума физика
653 ## - Ключова дума – ненормативна
Ключова дума учебници за ВУЗ
852 ## - Местоположение
Форматна сигнатура Цб 222754
856 4# - Електронен адрес и достъп
Електронен формат pdf - файл
Път до файла /url/
856 4# - Електронен адрес и достъп
Електронен формат pdf - файл
Път до файла /url/
942 ## - АРТИКУЛИ
Вид на библиотечния материал Книги
Скрит в OPAC Не
944 ## - СЪЗДАВАНЕ И РЕДАКЦИЯ на ЗАПИСА
Създаване/Редакция Създаване
Дата на регистрацията/редакция 15.01.2003
Служител, извършил регистрацията/редакцията Валя_Йорданова
944 ## - СЪЗДАВАНЕ И РЕДАКЦИЯ на ЗАПИСА
Създаване/Редакция Редакция
Дата на регистрацията/редакция 16.03.2005
Служител, извършил регистрацията/редакцията
999 ## - СИСТЕМНИ КОНТРОЛНИ НОМЕРА
Koha biblionumber 21789
Koha biblioitemnumber 21789
Наличности
Код за отписване Код за изгубен артикул Код за повреда Коз за рестрикции Код за отдаване Артикулен № Име на библиотеката - собственик Име на библиотеката, в която се намира в момента Статус (Текущо местоположение) Дата на вписване в системата Местоположение - отдел Цена в лева Инвентарен номер Систематично азбучна сигнатура Баркод Номер на екземпляра Цена в евро Служебна бележка Служебен тип на артикула
  Не е изгубен Не е повреден без рестрикции ползва се в читалня 35943 Регионална библиотека "Любен Каравелов" Русе Регионална библиотека "Любен Каравелов" Русе Хранилище 2005-03-16 Хранилище 0.00 120000692159 Цб 222754 120000692159 1 0.00 Дост: Dp Вид: Д N: 17 Дата: 14.04.2004 Книги
Vip Innovations Ltd, Rousse, Bulgaria 2025